Statistics for Spanish Sports Vocabulary Words Quiz

Click here to take the quiz!

General Stats

  • This quiz has been taken 5,890 times
    (5,889 since last reset)
  • The average score is 18 of 25

Answer Stats

EspañolEnglish% Correct
béisbolbaseball
96%
fútbolsoccer
95%
boxeoboxing
95%
tenistennis
93%
voleibolvolleyball
89%
nadarswimming
88%
jugarplay
85%
correrrun
83%
deportesport
81%
esquískiing
72%
ejercicioexercise
71%
ganarwin
70%
piscinapool
69%
atletaathlete
69%
pescafishing
69%
caminarwalking
69%
estadiostadium
68%
campeónchampion
66%
perderlose
65%
equipoteam
62%
competenciacompetition
60%
bolosbowling
49%
lucha libreWWE style wrestling
38%
cazahunting
28%
buceoscuba diving
24%

Score Distribution

Percentile by Number Answered

Percent of People with Each Score

Your Score History

You have not taken this quiz since the last reset